Falumúzeumok, helytörténeti gyűjtemények, tájházak

Bibliographic Details
Main Author: Csáky, Károly, 1950- (Author)
Format: Article
Language:Hungarian
PhysicalDescription:Fotogr.
ISSN:1335-6410
Subjects:

MARC

LEADER 00000nab a2200000 a 4500
001 vtls010546445
003 SK-MaSNL
005 20260303235819.0
008 130925c2013 xo qrzp 0 0hun
015 |a SNBRB2013/09  |2 rvgkpd 
038 |a RVGKPD 
040 |a RVGKPD  |b slo  |c RVGKPD  |e AACR2 
041 0 |a hun 
044 |a xo  |c SK 
080 |a 069.02:39  |x (437.6)  |2 1997 
100 1 |a Csáky, Károly,  |d 1950-  |4 aut  |9 99675 
245 1 0 |a Falumúzeumok, helytörténeti gyűjtemények, tájházak  |c Csáky Károly 
300 |b Fotogr. 
504 |a Bibliogr., pozn. 
650 0 7 |a dedinské múzeá  |2 rvgkpd  |9 1192336 
650 0 7 |a regionálne zbierky  |2 rvgkpd  |9 1274100 
650 0 7 |a pamätné izby  |2 rvgkpd  |9 75717 
650 0 7 |a skanzeny  |2 rvgkpd  |9 43922 
651 7 |a Bušince (Slovensko)  |2 rvgkpd  |9 74141 
651 7 |a Veľký Krtíš (Slovensko : okres)  |2 rvgkpd  |9 24950 
651 7 |a Érsekvadkert (Maďarsko)  |2 rvgkpd  |9 1274817 
651 7 |a Nagybörzsöny (Maďarsko)  |2 rvgkpd  |9 1084709 
773 0 |t Gömörország  |g Évf. XIV, sz. 1 (2013), o. 7-21  |x 1335-6410 
852 |a RVGKPD  |b KIS3G 
958 |a HU 
958 |a Sk 
992 |a RBX 
999 |c 2527921  |d 2529851